000 01079nam2a2200205 4500
001 RU\NLR\PER_A\003157916_001110
005 20250727045540.0
035 _a(NLR Aleph) 022587444
090 _a13455747
_c13455747
100 _a20250717d2025 |||y0rusy50 ca
101 0 _arus
102 _aRU
200 0 _a2025, № 1 (76)
210 _d2025
461 0 _1001RU\NLR\Per\765533
_12001#$aАктуальные проблемы высшего музыкального образования$dActual problems of high musical education$eнаучно-аналитический и научно-образовательный журнал$v2025, № 1 (76)
_93074179
_cНижний Новгород
_d2010 -
_lActual problems of high musical education
_n[б. и.]
_oнаучно-аналитический и научно-образовательный журнал
_tАктуальные проблемы высшего музыкального образования
_x2220-1769
_v2025, № 1 (76)
852 _aNLR
_jП29/1610
942 _cISSUE
980 _aRUSPER
980 _aNB